Roget's thesaurus of English words and phrases. (Record no. 21227)

MARC details
000 -LEADER
fixed length control field 01058cam a22003255a 4500
001 - CONTROL NUMBER
control field 012878775
003 - CONTROL NUMBER IDENTIFIER
control field EG-ScBUE
005 - DATE AND TIME OF LATEST TRANSACTION
control field 20220509101043.0
008 - FIXED-LENGTH DATA ELEMENTS--GENERAL INFORMATION
fixed length control field 040510s2004 enk f 001 0 eng d
020 ## - INTERNATIONAL STANDARD BOOK NUMBER
International Standard Book Number 9780140515039 (pbk.)
020 ## - INTERNATIONAL STANDARD BOOK NUMBER
International Standard Book Number 0140515038 (pbk.)
040 ## - CATALOGING SOURCE
Original cataloging agency StDuBDS
Language of cataloging eng
Description conventions rda
Transcribing agency StDuBDS
Modifying agency Uk
-- EG-ScBUE
082 04 - DEWEY DECIMAL CLASSIFICATION NUMBER
Classification number 423.1
Edition number 22
Item number ROG
245 00 - TITLE STATEMENT
Title Roget's thesaurus of English words and phrases.
250 ## - EDITION STATEMENT
Edition statement New edition.
264 #1 - PUBLICATION, DISTRIBUTION, ETC. (IMPRINT)
Place of publication, distribution, etc London :
Name of publisher, distributor, etc Penguin Books,
Date of publication, distribution, etc 2004.
300 ## - PHYSICAL DESCRIPTION
Extent xvi, 824 pages ;
Dimensions 20 cm.
336 ## - CONTENT TYPE
Source rdacontent
Content type term text
Content type code txt
337 ## - MEDIA TYPE
Source rdamedia
Media type term unmediated
Media type code n
338 ## - CARRIER TYPE
Source rdacarrier
Carrier type term volume
Carrier type code nc
490 0# - SERIES STATEMENT
Series statement Penguin reference
500 ## - GENERAL NOTE
General note Includes index.
600 17 - SUBJECT ADDED ENTRY--PERSONAL NAME
Personal name Roget, Peter Mark,
Dates associated with a name 1779-1869.
Title of a work Thesaurus of English words and phrases.
Source of heading or term BUEsh
650 #7 - SUBJECT ADDED ENTRY--TOPICAL TERM
Topical term or geographic name as entry element English language
General subdivision Synonyms and antonyms.
Source of heading or term BUEsh
9 (RLIN) 19528
650 #7 - SUBJECT ADDED ENTRY--TOPICAL TERM
Topical term or geographic name as entry element English language
Form subdivision Terms and phrases.
Source of heading or term BUEsh
9 (RLIN) 13794
651 ## - SUBJECT ADDED ENTRY--GEOGRAPHIC NAME
Source of heading or term BUEsh
653 ## - INDEX TERM--UNCONTROLLED
Arrived date list February2016
Resource For college Humanities: English
655 ## - INDEX TERM--GENRE/FORM
Form subdivision Reading book
9 (RLIN) 34232
942 ## - ADDED ENTRY ELEMENTS (KOHA)
Source of classification or shelving scheme Dewey Decimal Classification
Koha item type Book - Borrowing
Holdings
Withdrawn status Lost status Source of classification or shelving scheme Damaged status Not for loan Collection code Home library Current library Shelving location Date acquired Source of acquisition Cost, normal purchase price Serial Enumeration / chronology Total Checkouts Total Renewals Full call number Barcode Date last seen Date checked out Cost, replacement price Price effective from Koha item type
    Dewey Decimal Classification       Central Library Central Library Second Floor 24/02/2016 Purchase 120.00 13707 1 2 423.1 ROG 000031688 15/07/2025 19/01/2017 150.00 24/02/2016 Book - Borrowing